00541nam a2200169Ia 4500008004100000020001800041040001900059041001200078082002800090245009200118260003400210300002700244650002600271651002600297700002700323850002100350131103s9999 xx 000 0 und d a0-553-23978-3 aLoreto College aEnglish a808.83/GODbLCLIB/40095 a75 short masterpicesb stoeies from the world's literature cedited by Roger B. Goodman aNew York bBantam Booksc1961 a[11], 283 p. c 17 cm. aEnglish Literature -  aFiction - Stories -  aGoodman, Roger B., ed. aLCLIB/808.83/GOD